Olympischer Medaillenspiegel - Fechten - Statistiken

Allgemein
  • Dieses Quiz wurde 37 mal gespielt
  • Das Durchschnittsergebnis liegt bei 11 aus 15
Antwortstatistiken
Gesamt Gold Silber Bronze Land % Korrekt
21 5 7 9 Deutschland
100%
123 44 43 36 Frankreich
100%
130 49 46 35 Italien
100%
16 7 8 1 Westdeutschland
100%
33 4 11 18 Vereinigte Staaten
95%
15 5 7 3 China
81%
26 13 5 8 Russland
76%
16 5 3 8 Südkorea
73%
90 38 24 28 Ungarn
70%
22 4 9 9 Polen
68%
49 18 15 16 Sowjetunion
68%
9 1 8 0 Großbritannien
65%
10 3 3 4 Belgien
57%
17 4 6 7 Rumänien
54%
10 4 3 3 Kuba
30%
Keine übereinstimmenden Quizze gefunden
Verteilung der Resultate
Anzahl Personen mit jedem Resultat
Perzentil nach korrekt beantworteten Fragen
Ihre Resultats-Entwicklung
Sie haben dieses Quiz noch nicht gespielt